Intézményi honlap elkészítése tartalomkezelő rendszerrel
Elmentve itt :
| Szerző: | |
|---|---|
| További közreműködők: | |
| Dokumentumtípus: | Szakdolgozat |
| Megjelent: |
2011
|
| Tárgyszavak: | |
| Online Access: | http://diploma.bibl.u-szeged.hu/40065 |
| LEADER | 00566nta a2200157 i 4500 | ||
|---|---|---|---|
| 001 | dipl40065 | ||
| 005 | 20130418084627.0 | ||
| 008 | 130418s2011 hu om 0|| hun d | ||
| 040 | |a SZTE Diploma Repozitórium |b hun | ||
| 041 | |a hun | ||
| 100 | 1 | |a Hídvégi Eszter | |
| 245 | 1 | 0 | |a Intézményi honlap elkészítése tartalomkezelő rendszerrel |h [elektronikus dokumentum] / |c Eszter Hídvégi |
| 260 | |c 2011 | ||
| 650 | 4 | |a Bölcsészettudományok | |
| 700 | 1 | |a Márton Attila |e ths | |
| 856 | 4 | 0 | |u http://diploma.bibl.u-szeged.hu/id/eprint/40065/1/2011_hidvegi_eszter.pdf |z Dokumentum-elérés |